000 00566nam a2200229Ia 4500
003 OSt
005 20220924144457.0
006 a|||||r|||| 00| 0
007 ta
008 220923b |||||||| |||| 00| 0 urd d
024 _a314746
037 _cTextual
040 _aARTS
_cARTS
_burd
041 _2urd
_aurd
082 _aO168,1N394,1, L8
100 _aManvi Waqar
_9217679
245 0 _aWaqar-e-sukhan
260 _c1978
650 _aURDU POETRY
942 _hO168,1N394,1, L8
_cTEXL
_2CC
999 _c457166
_d457166